| 000 | 01186nam0a2200289 4500 | ||
|---|---|---|---|
| 001 | RU\NLR\bibl\1506271 | ||
| 005 | 20250616021754.0 | ||
| 010 |
_a978-5-358-07458-3 _93000 |
||
| 021 |
_aRU _b2010-18665 _91255 |
||
| 035 | _a(NLR Aleph) 001497692 | ||
| 090 |
_a1788711 _c1788711 |
||
| 100 | _a20100429d2010 |||y0rusy50 ca | ||
| 101 | 0 | _arus | |
| 102 | _aRU | ||
| 105 | _aa ||||||||| | ||
| 200 | 1 |
_aИстория России с древнейших времен до XVI века _e6 класс _eметодическое пособие к учебнику А.Ф. Киселева, В.П. Попова _fЕ.В. Симонова |
|
| 210 |
_aМосква _cДрофа _d2010 |
||
| 215 |
_a283, [2] с. _cил. _d21 |
||
| 320 | _aБиблиогр. в конце кн. | ||
| 607 |
_aРоссия _jМетодические пособия _xИстория _xПреподавание _xСредняя школа _zдо нач. 17 в. _92450206 _3RU\NLR\auth\661456866 |
||
| 686 | _aЧ426.32я8 | ||
| 700 | 1 |
_aСимонова _bЕ. В. _gЕлена Викторовна _4070 |
|
| 801 | 0 |
_aRU _bNLR _c20100429 _gRCR |
|
| 801 | 1 |
_aRU _bNLR _c20100429 |
|
| 942 | _cBOOK | ||
| 980 | _aNB | ||